Skip to content
VuFind
    • Magyar
    • angol
Advanced
  • Cite this
  • Print
  • Export Record
    • export_to
    • export_to
    • export_to
  • Permanent link
Cover Image

Bibliographic Details
Format: Book
Online Access:http://dolgozattar.uni-bge.hu/30531
  • Holdings
  • Description
  • Similar Items
  • Staff View

MARC

LEADER 00000nam a2200000 i 4500
001 dolg30531
005 20210501001503.0
008 210501suuuu hu om |00 0 hun d
040 |a BGE Dolgozattár Repozitórium  |b hun 
041 |a hu 

Similar Items

  • A fröccs útja a hungarikummá válásig
    ‌: Potoczki Viktória
  • Bér és béren kívüli juttatások elemzése, szerepe az érdekeltségi rendszer kialakításásban
    ‌: Ács Petra
  • Tárgyi eszközök elemzése a hazai és nemzetközi számviteli szabályozás összehasonításának tükrében, a Honeywell Hőtechnikai Kft. példáján bemutatva
    ‌: Markó Eszter
  • Egyedi vevői igények kezelése GE Industrial Solution üzletág Logisztikai rendszerében
    ‌: Mecséri Zsuzsanna
  • A Zalaerdő Zrt. tervezési folyamatai és vagyoni-, pénzügyi-, jövedelmezőségi helyzetének elemzése
    ‌: Milei Tünde

Search Options

  • Search History
  • Advanced Search

Find More

  • Browse the Catalog
  • Browse Alphabetically
  • New Items

Need Help?

  • Search Tips
  • FAQs